Statystyki dla 10 najludniejszych miast Ameryki Południowej

Kliknij tutaj aby rozwiązać quiz!

Ogólne statystyki

  • Ten quiz został rozwiązany 145 razy
  • Średni wynik to 7 z 10

Statystyki odpowiedzi

PopulacjaMiasto% Poprawnych
16,6 mlnBuenos Aires
94%
13,7 mlnRio de Janeiro
94%
9,62 mlnBogota
83%
22,6 mlnSao Paulo
83%
10,2 mlnLima
82%
7,29 mlnSantiago
82%
4,00 mlnBrasilia
78%
4,10 mlnMedellin
35%
5,09 mlnBelo Horizonte
27%
4,20 mlnPorto Alegre
16%

Rozkład punktacji

Percentyl według liczby udzielonych odpowiedzi

Procent ludzi z każdym wynikiem

Twoja historia wyników

Nie rozwiązałeś tego quizu